00877nam a22002537a 450000500170000001000130001702000100003003500130004003700160005304000120006908200180008110000170009924500330011626000410014927000390019030000270022949000340025650000530029065000230034365000190036694200270038599900190041295201920043120170124110031.0 aA-371895 c18.00 aA-371895 bCen Lib/Ret aDPLbEN a551.5184bDAS aDas, P K.94 aThe monsoons /cby P. K. Das aNew DelhibNational Book Trustc1968 bNew DelhiaA-5, Green Parke110016 a212p.:c20cm(Hb)bill. aIndia the land and the people aIncludes bibliographical references and index  aClimatology980399 aMonsoon921706 2ddccENh551.5184mDAS c127834d127834 04104070aLbLd2015-06-30eCen Lib/Retg18.00l0o551.5184 DASpA-371895r2015-06-30 00:00:00t1v18.00w2015-06-30yENzWritten off on approval by DLB (By Circulation); dtd 15-06-2023